| 000 | 003290000a22001450004500 | ||
|---|---|---|---|
| 003 | MACL | ||
| 040 | _aMACL | ||
| 090 |
_c8542 _d8541 |
||
| 100 | _aKaul, H K | ||
| 245 |
_aLibrary and Information Networking _bNaclin 2005 |
||
| 260 |
_bDelnet _c2006 |
||
| 350 | _a650 | ||
| 650 | _aLibrary & Information Science | ||
| 942 |
_cBOOK _k020 |
||
| 999 |
_c8488 _d8488 |
||